Consecuencias de la modernidad.
Tallennettuna:
| Päätekijä: | |
|---|---|
| Aineistotyyppi: | Tuntematon |
| Julkaistu: |
Madrid, España:
Alianza,
1999.
|
| Painos: | Primera edición en Ensayo. |
| Sarja: | Ensayo
|
| Aiheet: | |
| Tagit: |
Lisää tagi
Ei tageja, Lisää ensimmäinen tagi!
|
MARC
| LEADER | 00000 a2200000 4500 | ||
|---|---|---|---|
| 003 | CL-VaPUC | ||
| 005 | 20240315125514.0 | ||
| 008 | 230109t1999 ||||| |||| 00| 0 eng d | ||
| 020 | |a 978-84-206-2928-5 | ||
| 040 | |c Pontificia Universidad Católica de Valparaíso | ||
| 082 | |a 303.4 GID 1999 | ||
| 100 | |a Giddens, Anthony |9 456060 |e autor | ||
| 245 | |a Consecuencias de la modernidad. | ||
| 250 | |a Primera edición en Ensayo. | ||
| 260 | |a Madrid, España: |b Alianza, |c 1999. | ||
| 300 | |a 166 páginas. | ||
| 490 | |a Ensayo |n 100. | ||
| 583 | |k GC |c 20230109 | ||
| 650 | 0 | |a Modernidad |9 265371 |x Aspectos culturales | |
| 650 | 0 | |a Modernidad |x Aspectos epistemológicos |9 879828 | |
| 650 | 0 | |a Cambio social |9 256857 | |
| 650 | 0 | |a Sociología del cambio |9 337801 | |
| 942 | |2 ddc |c BK | ||
| 999 | |c 439403 |d 439401 | ||
| 952 | |0 0 |1 0 |2 ddc |4 0 |6 303_400000000000000_GID_1999 |7 0 |8 A |9 588543 |a BIBGIM |b BIBGIM |d 2023-01-06 |e 3 |g 25304.00 |i 5656303 |l 3 |m 2 |o 303.4 GID 1999 |p 5656303 |r 2025-01-15 |s 2024-06-03 |t 1 |v 25304.00 |w 2023-01-06 |y BK |k SSL | ||
| 952 | |0 0 |1 0 |2 ddc |4 0 |6 303_400000000000000_GID_1999 |7 0 |8 A |9 593670 |a BIBGIM |b BIBGIM |d 2024-03-15 |e 1 |g 32907.00 |i 5660385 |o 303.4 GID 1999 |p 5660385 |r 2025-01-15 |t 2 |v 32907.00 |w 2024-03-15 |y BK |k SSL | ||